| 000 | 00345nam a2200145Ia 4500 | ||
|---|---|---|---|
| 008 | 221030s9999 xx 000 0 und d | ||
| 041 | _aEnglish | ||
| 082 |
_a105.23 _bJai |
||
| 100 | _aD. P. Jain | ||
| 245 | 0 |
_aMercantile Law _cby D. P. Jain |
|
| 260 |
_bDhanpat Rai Pub _aDelhi _c1999 |
||
| 300 | _a520 | ||
| 650 | _aBE Management | ||
| 942 | _cBK | ||
| 999 |
_c1961 _d1961 |
||